Online
Catalog

Virginia woolf / (Record no. 24945)

MARC details
000 -CABECERA
campo de control de longitud fija 01113nam a2200301 u 4500
001 - NÚMERO DE CONTROL
campo de control 000025453
005 - FECHA Y HORA DE LA ÚLTIMA TRANSACCIÓN
campo de control 20200930023811.0
008 - DATOS DE LONGITUD FIJA--INFORMACIÓN GENERAL
campo de control de longitud fija 110216s1980 sp a r 000 0 spa d
020 ## - NÚMERO INTERNACIONAL ESTÁNDAR DEL LIBRO
Número Internacional Estándar del Libro 8426411274
040 ## - FUENTE DE LA CATALOGACIÓN
Centro catalogador/agencia de origen DO-SdBNP
Lengua de catalogación spa
Centro/agencia transcriptor BNPHU
082 ## - NÚMERO DE LA CLASIFICACIÓN DECIMAL DEWEY
Número de clasificación 823.912
Número de documento/Ítem W913B, 1980
049 ## - FONDOS LOCALES (OCLC)
Fondos de biblioteca BNGR
100 1# - ENTRADA PRINCIPAL--NOMBRE DE PERSONA
Nombre de persona Bell, Quentin.
9 (RLIN) 52066
240 10 - TÍTULO UNIFORME
Título uniforme Virginia Woolf : a biography
Lenguaje de la obra Español
245 10 - MENCIÓN DE TÍTULO
Título Virginia woolf /
Mención de responsabilidad, etc. Quentin Bell ; traducción de Marta Pessarrodona.
250 ## - MENCIÓN DE EDICIÓN
Mención de edición 2a ed.
260 ## - PUBLICACIÓN, DISTRIBUCIÓN, ETC.
Lugar de publicación, distribución, etc. Barcelona :
Nombre del editor, distribuidor, etc. Lumen,
Fecha de publicación, distribución, etc. 1980.
300 ## - DESCRIPCIÓN FÍSICA
Extensión 333 p. :
Otras características físicas il. ;
Dimensiones 20 cm.
490 1# - MENCIÓN DE SERIE
Mención de serie Palabra en el tiempo
Designación de volumen o secuencia 127
534 ## - NOTA SOBRE LA VERSIÓN ORIGINAL
Encabezamiento principal del original Título original :
Mención de título del original Virginia woolf : a biography
500 ## - NOTA GENERAL
Nota general Incluye referencias bibliográficas y notas al pie de las páginas.
505 0# - NOTA DE CONTENIDO CON FORMATO
Información miscelánea V. 1.
Título Verginia Stephen (1882-1912) --
Información miscelánea v.2.
Título Mrs. Woolf (1912-1941).
600 14 - PUNTO DE ACCESO ADICIONAL DE MATERIA--NOMBRE DE PERSONA
Nombre de persona WOOLF, VIRGINIA,
Fechas asociadas al nombre 1882-1941
9 (RLIN) 41806
650 #4 - PUNTO DE ACCESO ADICIONAL DE MATERIA--TÉRMINO DE MATERIA
Término de materia o nombre geográfico como elemento de entrada Novelistas ingleses
Subdivisión cronológica SIGO XX
Subdivisión general Biografías
9 (RLIN) 52067
700 12 - PUNTO DE ACCESO ADICIONAL--NOMBRE DE PERSONA
Nombre de persona Pessarrodona, Marta,
Término indicativo de función/relación tr.
9 (RLIN) 6185
830 #0 - PUNTO DE ACCESO ADICIONAL DE SERIE-TÍTULO UNIFORME
Título uniforme Palabra en el tiempo.
Nombre de parte o sección de la obra Novela.
Número de parte o sección de la obra 127
9 (RLIN) 52068
910 ## - DATOS DE OPCIÓN DEL USUARIO (OCLC)
Datos de opción del usuario Validado. Control de calidad MFF
Holdings
Estado de retiro Estado de pérdida Restricciones de uso No para préstamo Código de colección Localización permanente Ubicación/localización actual Ubicación en estantería Fecha de adquisición Número de inventario Total de préstamos Signatura topográfica completa Código de barras Fecha visto por última vez Precio válido a partir de Tipo de ítem Koha
      Excluido de préstamo Monografías: Libros y Folletos General General Depósito 16.02.2011 LF1   v. 1 25453-10 25.06.2020 25.06.2020 No se presta
      Excluido de préstamo Monografías: Libros y Folletos General General Depósito 12.08.2013 LF1   v. 2 25453-20 25.06.2020 25.06.2020 No se presta

Powered by Koha